000 00507nam a2200145 a 4500
008 120416s0000 ||||||||||||||||| || u
020 _a1853710563
050 _aE 183.8.G7 Hol
100 _aHolland, Jack
245 1 4 _aThe american connection
260 _aDublin
_bPoolbeg Press
_c1989
300 _axiv, 272p.
350 _a0.00
995 _D0.00
_FCBU-MAIN LIBRARY (Kitwe)
_H1
_I5.95
_M1
_UAVAILABLE
_WOct 11, 2006
_ZMain Library Open Access Collection
999 _c34146
_d34146